00883nab a2200265uuc4500001000800000005001700008008004100025035001200066035002100078040001300099041000800112100003100120245009100151260001000242650001400252650002200266650001100288650001200299650003300311650003300344650002600377650003000403700003300433773015100466110362020241213091046.0080917s2008 eng  a1103620 a(OCoLC)820440733 ccomduadb aeng10aMunro, Murray J.4auteaut10aSegmental acquisition in adult ESL learners : a longitudinal study of vowel production c2008. aPhonetics 7aFonética2embne aVowels aVocales aEnglish as a second language aInglés como segunda lengua aResearch in education aInvestigación educativa10aDerwing, Tracey M.4auteaut0 tLanguage Learning : a Journal of Research in Language Studies ( Estados Unidos)gVol. 58, No. 03, Sep. 2008, p. 479-502w686241x0023-83330209019